Maailman suurimmat saaret - Statistics

Yleistilastot
  • Tätä visaa on pelattu 1 149 kertaa
  • Keskiarvotulos 10 / 26
Vastaustilastot
km2 Saari % Oikein
2 130 800 Grönlanti
86%
587 713 Madagaskar
86%
101 826 Islanti
77%
209 331 Iso-Britannia
69%
84 421 Irlanti
66%
105 806 Kuuba
64%
67 655 Sri Lanka
59%
78 719 Hokkaido
45%
138 794 Jaava
41%
748 168 Borneo
40%
225 800 Honshū
39%
145 836 Eteläsaari
38%
111 583 Pohjoissaari
36%
443 066 Sumatra
33%
785 753 Uusi-Guinea
32%
180 681 Sulawesi
23%
73 929 Hispaniola
22%
507 451 Baffininsaari
21%
65 022 Tasmania
19%
109 965 Luzon
18%
108 860 Newfoundland
15%
97 530 Mindanao
12%
72 493 Sahalin
12%
217 291 Victoriansaari
12%
196 236 Ellesmerensaari
11%
70,028 Banksinsaari
6%
Ehtoja vastaavia visoja ei löytynyt
Tulosjakauma
Jokaisen tuloksen saaneiden osuus
Persentiili vastausten määrän mukaan
Tuloshistoriasi
Et ole pelannut tätä visaa